|
|
|
|
| LEADER |
00780nab a2200217 i 4500 |
| 001 |
publ3873 |
| 005 |
20180912134246.0 |
| 008 |
140108s2013 hu o 0|| zxx d |
| 022 |
|
|
|a 0957-4166
|
| 024 |
7 |
|
|a 10.1016/j.tetasy.2013.07.025
|2 doi
|
| 024 |
7 |
|
|a 2428374
|2 mtmt
|
| 040 |
|
|
|a SZTE Publicatio Repozitórium
|b hun
|
| 041 |
|
|
|a zxx
|
| 100 |
1 |
|
|a Schönstein László
|
| 245 |
1 |
0 |
|a Enzymatic reactions for the preparation of homocalycotomine enantiomers
|h [elektronikus dokumentum] /
|c Schönstein László
|
| 260 |
|
|
|a Elsevier
|c 2013
|
| 300 |
|
|
|a 1059-1062
|
| 490 |
0 |
|
|a Tetrahedron: Asymmetry
|v 24 No. 18
|
| 700 |
0 |
1 |
|a Forró Enikő
|e aut
|
| 700 |
0 |
1 |
|a Fülöp Ferenc
|e aut
|
| 856 |
4 |
0 |
|u http://publicatio.bibl.u-szeged.hu/3873/1/schonstein%20l.-tetrahedron%20ass..pdf
|z Dokumentum-elérés
|